| 000 | 00000nam 2200000zi 4500 |
| 001 | 9.939730 |
| 003 | CaOODSP |
| 005 | 20241127112631 |
| 006 | m o d f |
| 007 | cr bn||||||||| |
| 008 | 240624s1976 oncab obt f000 0 eng d |
| 040 | |aCaOODSP|beng|erda|cCaOODSP |
| 041 | 0 |aeng|beng|bfre |
| 043 | |an-cn-bc |
| 045 | |ax7x7 |
| 086 | 1 |aEn57-58/830-1976E-PDF |
| 100 | 1 |aStobbe, S. T., |eauthor. |
| 245 | 10|aAlaska Highway rainstorm of July 15-16, 1974 / |cby S.T. Stobbe = Tempête de pluie des 15 et 16 juillet 1974 sur la route de l'Alaska / par S.T. Stobbe. |
| 246 | 31|aTempête de pluie des 15 et 16 juillet 1974 sur la route de l'Alaska |
| 264 | 1|aDownsview, Ontario : |bEnvironment Canada, Atmospheric Environment Service, |c1976. |
| 300 | |a1 online resource (19 pages, 2 unnumbered pages) : |billustrations, maps. |
| 336 | |atext|btxt|2rdacontent |
| 337 | |acomputer|bc|2rdamedia |
| 338 | |aonline resource|bcr|2rdacarrier |
| 490 | 1 |aTechnical memoranda, |y0068-7804 ; |vTEC 830 |
| 500 | |aISSN of series should read: 0708-2878. |
| 500 | |a"U.D.C: 551.577.37"--Cover. |
| 500 | |a"9 March 1976"--Cover. |
| 500 | |aDigitized edition from print [produced by Environment and Climate Change Canada]. |
| 504 | |aIncludes bibliographical references (page 8). |
| 520 | 3 |a"The heavy rainstorm of July 15-16, 1974 in a remote area of northeastern British Columbia, resulted in a 10-day closure of the Alaska Highway. In this article, the author examines the synoptic weather features and contributing factors to precipitation in the storm. A short discussion of the return period for such a storm and a verification of the Canadian Meteorological Centre's Quantitative Precipitation Forecast are included"--Abstract. |
| 546 | |aIncludes abstracts in English and French. |
| 650 | 0|aRainstorms|zBritish Columbia, Northern. |
| 650 | 0|aRainstorms|zBritish Columbia, Northern|xForecasting. |
| 650 | 0|aFloods|zBritish Columbia, Northern. |
| 650 | 0|aFloods|zAlaska Highway. |
| 650 | 6|aTempêtes de pluie|zColombie-Britannique (Nord) |
| 650 | 6|aTempêtes de pluie|zColombie-Britannique (Nord)|xPrévision. |
| 650 | 6|aInondations|zColombie-Britannique (Nord) |
| 650 | 6|aInondations|zRoute de l'Alaska. |
| 655 | 7|aTechnical reports|2lcgft |
| 655 | 7|aRapports techniques|2rvmgf |
| 710 | 1 |aCanada. |bAtmospheric Environment Service, |eissuing body. |
| 830 | #0|aTechnical memoranda (Canada. Atmospheric Environment Service)|vTEC 830.|w(CaOODSP)9.934501 |
| 856 | 40|qPDF|s1.58 MB|uhttps://publications.gc.ca/collections/collection_2024/eccc/en57/En57-58-830-1976-eng.pdf |